004130000a220010900045001000022000002450096000223000054001187730016001729420008001889520090001969990017002861 aReiland, Ralph R.10aThe incredible regulatory follies : Even children can't escape the long reach of regulation aVol. 46, Num. 8 (Agosto, 1996), Páginas 553-5540 tThe Freeman cANA 001040708HEMaFUSBCbFUSBCd2016-01-26l0o r2016-01-26 00:00:00w2016-01-26yANA c56397d56397